[Event "World Cup"]
[Site "Khanty-Mansiysk RUS"]
[Date "2007.12.09"]
[Round "6.1"]
[White "Shirov,A"]
[Black "Karjakin,Sergey"]
[Result "1/2-1/2"]
[WhiteElo "2739"]
[BlackElo "2694"]
[EventDate "2007.11.24"]

1. e4 c5 2. Nf3 d6 3. d4 cxd4 4. Nxd4 Nf6 5. Nc3 a6 6. Bg5 e6 7. f4 Nbd7 8.
Qf3 Qc7 9. O-O-O b5 10. Bd3 Bb7 11. Rhe1 Qb6 12. Nb3 b4 13. Nb1 Be7 14.
N1d2 Qc7 15. Qh3 e5 16. Nc4 O-O 17. Nba5 Bc8 18. Qg3 Re8 19. Kb1 Rb8 20.
Rf1 exf4 21. Bxf4 Rb5 22. Bxd6 Bxd6 23. Nxd6 Rxa5 24. Rxf6 Nxf6 25. Nxe8
Qxg3 26. Nxf6+ gxf6 27. hxg3 Rg5 28. Be2 Kg7 29. Rd3 a5 30. Re3 Re5 31. g4
Rg5 32. a3 Bxg4 33. Bxg4 Rxg4 34. axb4 axb4 35. g3 Kg6 36. Ka2 f5 37. exf5+
Kxf5 38. Kb3 h5 39. Rf3+ Ke6 40. Ka4 f5 41. Kb5 Ke5 1/2-1/2

[Event "World Cup"]
[Site "Khanty-Mansiysk RUS"]
[Date "2007.12.09"]
[Round "6.1"]
[White "Carlsen,M"]
[Black "Kamsky,G"]
[Result "1/2-1/2"]
[WhiteElo "2714"]
[BlackElo "2714"]
[EventDate "2007.11.24"]

1. e4 e5 2. Nf3 Nc6 3. d4 exd4 4. Nxd4 Bc5 5. Nxc6 bxc6 6. Bd3 Qh4 7. Qe2
Nf6 8. Be3 Bxe3 9. Qxe3 O-O 10. Nd2 Re8 11. O-O d6 12. Rae1 a5 13. Qg3 Qxg3
14. hxg3 a4 15. f3 Be6 16. b3 Nd7 17. Re3 axb3 18. axb3 Ne5 19. Be2 Ra2 20.
Rc3 c5 21. b4 cxb4 1/2-1/2

[Event "World Cup"]
[Site "Khanty-Mansiysk RUS"]
[Date "2007.12.10"]
[Round "6.2"]
[White "Karjakin,Sergey"]
[Black "Shirov,A"]
[Result "1/2-1/2"]
[WhiteElo "2694"]
[BlackElo "2739"]
[EventDate "2007.11.24"]

1. e4 e5 2. Nf3 Nc6 3. Bb5 a6 4. Ba4 Nf6 5. O-O Be7 6. Re1 b5 7. Bb3 d6 8.
c3 O-O 9. h3 Re8 10. d4 Bb7 11. Nbd2 Bf8 12. a4 Na5 13. Ba2 exd4 14. cxd4
c5 15. d5 c4 16. b4 cxb3 17. Bxb3 b4 18. Bc2 Bc8 19. Rb1 Rb8 20. Ba3 Bxh3
21. Bxb4 Bg4 22. Bd3 Ra8 23. Re3 Nb7 24. Qf1 Bxf3 25. Rxf3 Nc5 26. Bxc5
dxc5 27. Rb7 Rb8 28. Rxb8 Qxb8 29. Qb1 Qxb1+ 30. Bxb1 c4 31. Nxc4 Nxe4 32.
Re3 Nd6 33. Rxe8 1/2-1/2

[Event "World Cup"]
[Site "Khanty-Mansiysk RUS"]
[Date "2007.12.11"]
[Round "6.3"]
[White "Karjakin,Sergey"]
[Black "Shirov,A"]
[Result "1/2-1/2"]
[WhiteElo "2694"]
[BlackElo "2739"]
[EventDate "2007.11.24"]

1. e4 c5 2. Nf3 Nc6 3. d4 cxd4 4. Nxd4 Nf6 5. Nc3 e5 6. Ndb5 d6 7. Bg5 a6
8. Na3 b5 9. Nd5 Be7 10. Bxf6 Bxf6 11. c3 Bg5 12. Nc2 O-O 13. a4 bxa4 14.
Rxa4 a5 15. Bc4 Rb8 16. b3 Kh8 17. Nce3 g6 18. h4 Bxh4 19. g3 Bg5 20. Qe2
f5 21. f4 exf4 22. gxf4 Bh4+ 23. Kd1 Rb7 24. Qh2 g5 25. Ba6 Rxb3 26. Kc2
Bxa6 27. Kxb3 fxe4 28. fxg5 Qb8+ 29. Rb4 axb4 30. Qxh4 bxc3+ 31. Kxc3 Qa7
32. Qxe4 Ne5 33. g6 Bd3 34. Rxh7+ Qxh7 35. Qxe5+ dxe5 36. gxh7 Bxh7 37. Ng4
Rc8+ 38. Kb4 e4 39. Ngf6 Bf5 40. Nh5 Bg4 41. Ng3 Bf3 42. Nf5 Rc1 43. Nc3
Kh7 44. Kc4 Rc2 45. Kd4 Kg6 46. Ne3 Rd2+ 47. Ke5 Rd3 48. Ned5 Rd2 49. Nxe4
Ra2 50. Nf4+ Kh6 51. Ne6 Ra5+ 52. Kf4 Bd1 53. Nd4 Kg6 54. Nc3 Bh5 55. Ne4
Rd5 56. Ke3 Rd8 57. Nc6 Re8 58. Kd4 Ra8 59. Ne5+ Kg7 60. Nd6 Kf6 61. Ne4+
Ke6 62. Nc5+ Kf5 63. Nc6 Re8 64. Nb4 Rd8+ 65. Ke3 Be8 66. Nbd3 Bb5 67. Nb4
Rh8 68. Nbd3 Rh3+ 69. Kd4 Rh4+ 70. Ke3 Rc4 71. Nb3 Re4+ 72. Kd2 Rh4 73. Kc3
Ke4 74. Nd2+ Kd5 75. Nb4+ Kd6 76. Nc2 Rh3+ 77. Kb2 Kd5 78. Na3 Ba4 79. Nc2
Kc5 80. Kc1 Rd3 81. Ne1 Rc3+ 82. Kb2 Kb4 83. Nb1 Rb3+ 84. Kc1 Rh3 85. Nc2+
Kc4 86. Ne1 Rh1 87. Kd2 Rh2+ 88. Ke3 Bd1 89. Nd2+ Kd5 90. Nef3 Re2+ 91. Kf4
Re8 92. Kg3 Rf8 93. Kg2 Bxf3+ 94. Nxf3 Ke4 95. Nd2+ Kd3 96. Nf1 Rf6 97. Ng3
Rf4 98. Nh5 Rf8 99. Ng3 Ke3 100. Nf1+ Ke2 101. Ng3+ Ke1 102. Ne4 Rf7 103.
Ng3 1/2-1/2

[Event "World Cup"]
[Site "Khanty-Mansiysk RUS"]
[Date "2007.12.11"]
[Round "6.4"]
[White "Shirov,A"]
[Black "Karjakin,Sergey"]
[Result "1-0"]
[WhiteElo "2739"]
[BlackElo "2694"]
[EventDate "2007.11.24"]

1. e4 e5 2. Nf3 Nc6 3. Bb5 a6 4. Ba4 Nf6 5. O-O Be7 6. Re1 b5 7. Bb3 O-O 8.
c3 d5 9. exd5 Nxd5 10. Nxe5 Nxe5 11. Rxe5 c6 12. d3 Bd6 13. Re1 Bf5 14. Qf3
Qh4 15. g3 Qh3 16. Bxd5 cxd5 17. Qxd5 Rad8 18. Qg2 Qxg2+ 19. Kxg2 Bxd3 20.
Be3 Rfe8 21. Nd2 f6 22. Bb6 Rb8 23. Rxe8+ Rxe8 24. Nb3 Bc4 25. Rd1 Bf8 26.
Be3 Kf7 27. Na5 Be6 28. a3 Rc8 29. f3 Rc7 30. Rd8 Rc8 31. Nb7 Rc7 32. Nd6+
Bxd6 33. Rxd6 Bc8 34. Kf2 Ke7 35. Rb6 Kd7 36. g4 Rc6 37. Rb8 g6 38. Ra8 Ke6
39. Bd4 h5 40. h4 Ke7 41. Ra7+ Bd7 42. Kg3 Re6 43. Kf4 Ke8 44. gxh5 gxh5
45. Kf5 Rd6+ 46. Kg6 Bc6 47. f4 Be4+ 48. Kxh5 Rd5+ 49. Kh6 Rf5 50. Be3 Bf3
51. Kg6 Be4 52. Kg7 Rh5 53. Kxf6 Bd3 54. Ra8+ Kd7 55. Ra7+ Kc6 56. Rxa6+
Kd5 57. Ra8 Rxh4 58. Rd8+ Ke4 59. Kg5 Rh2 60. Bc5 Rg2+ 61. Kf6 Bc4 62. Rd4+
Kf3 63. a4 Rxb2 64. a5 Ra2 65. Bb4 Re2 66. f5 Re8 67. Rxc4 bxc4 68. Kg7 Re4
69. f6 Rg4+ 70. Kf8 1-0